| 000 -CABECERA |
| Longitud fija campo de control |
00633nam a2200205 a 4500 |
| 001 - NÚMERO DE CONTROL |
| Número de control |
624 |
| 003 - IDENTIFICADOR DEL NÚMERO DE CONTROL |
| Identificador del número de control |
CDMR |
| 005 - FECHA Y HORA DE LA ÚLTIMA TRANSACCIÓN |
| Fecha y hora de la última transacción |
20131129100513.0 |
| 008 - CÓDIGOS DE INFORMACIÓN DE LONGITUD FIJA |
| Códigos de información de longitud fija |
130130s1978||||||||||||||||||||||||||||d |
| 020 ## - NÚMERO INTERNACIONAL NORMALIZADO PARA LIBROS |
| Número Internacional Normalizado para Libros (ISBN) |
9684290152 |
| 040 ## - FUENTE DE LA CATALOGACIÓN |
| Centro catalogador de origen |
CDMR |
| Lengua de catalogación |
cat |
| Centro transcriptor |
CDMR |
| 245 00 - MENCIÓN DE TÍTULO |
| Título |
Cultura, comunicación de masas y lucha de clases |
| Mención de responsabilidad, etc. |
[Lutzemberg, Bernardi, Baldelli y otros] |
| 260 ## - PUBLICACIÓN, DISTRIBUCIÓN, ETC. (PIE DE IMPRENTA) |
| Lugar de publicación, distribución, etc. |
Roma |
| Fecha de publicación, distribución, etc. |
1978 |
| Nombre del editor, distribuidor, etc. |
Nueva Imagen |
| 300 ## - DESCRIPCIÓN FÍSICA |
| Extensión |
277 p. |
| 650 04 - PUNTO DE ACCESO ADICIONAL DE MATERIA - TÉRMINO DE MATERIA |
| 9 (RLIN) |
3211 |
| Término de materia o nombre geográfico como elemento inicial |
Comunicació i cultura |
| 650 04 - PUNTO DE ACCESO ADICIONAL DE MATERIA - TÉRMINO DE MATERIA |
| 9 (RLIN) |
4412 |
| Término de materia o nombre geográfico como elemento inicial |
Política cultural |
| 650 04 - PUNTO DE ACCESO ADICIONAL DE MATERIA - TÉRMINO DE MATERIA |
| 9 (RLIN) |
3820 |
| Término de materia o nombre geográfico como elemento inicial |
Conflictes socials en els mitjans de comunicació de massa |
| 700 1# - PUNTO DE ACCESO ADICIONAL - NOMBRE DE PERSONA |
| 9 (RLIN) |
474 |
| Nombre de persona |
Lutzemberger, Maria G. |
| 942 ## - ENTRADA DE ELEMENTOS AGREGADOS (KOHA) |
| Koha [por defecto] tipo de item |
Monografies |
| Fuente de clasificaión o esquema |
|